000 00404nam a2200157Ia 4500
008 151213s9999 xx 000 0 und d
100 _aCharles Dickens
245 _aOld Curiosity Shop
_cCharles Dickens
250 _a1st
260 _aLondon
_bChapman and Hall
_c1910
300 _a5248 p.
650 _aEnglish Literature
650 _aEnglish Literature
700 _aCharles Dickens
999 _c3240
_d3240